000 00822nam a2200277Ia 4500
003 OSt
005 20220918165426.0
006 a|||||r|||| 00| 0
007 ta
008 220917b |||||||| |||| 00| 0 eng d
020 _a710064314
024 _a249,953
037 _cTextual
040 _aARTS
_cARTS
_beng
041 _2eng
_aeng
082 _aY12-153.3214, K9
100 _aFirth Raymond
_924160
245 0 _aFamilies and their relatives
_b Kinship in a middle-class sector of London
260 _aNew York
_bRoutledge and Kegan Paul USA
_c1969
300 _axv,475p.
_ccm.
650 _aSOCIOLOGY
700 _a Forge Anthony
_924161
700 _a Hubert Jane
_924162
942 _hY12-153.3214, K9
_cTEXL
_2CC
999 _c129755
_d129755